Представление документа в формате RUSMARC

ПолеНазваниеЗначение
  Тип записи a
  Библиографический уровень m
001 Контрольный номер RU/SLIB/B/208703354
005 Дата корректировки 20251117113832.1
010 Индекс ISBN __
d Цена 10-00; 0-38
101 Язык документа 0_
a Язык текста rus
c Язык оригинала rus
200 Заглавие и сведения об ответственности 0_
a Заглавие По праву первых
f Первые сведения об ответственности С. А. Богатко
b Общее обозначение материала Текст
210 Выходные данные 1_
a Место издания Свердловск
c Издательство Сред.-Урал. кн. изд-во
d Дата издания 1973
215 Физическое описание __
a Объем 176 с.
c Иллюстрации/тип воспроизводства ил.
606 Тематические рубрики __
a Основная рубрика Экономика
a Основная рубрика Экономика топливной промышленности
y Географическая подрубрика Россия; Тюменская область
610 Ключевые слова 0_
a Ключевые слова топливная промышленность; краеведение; промышленность
686 Индексы других классификаций __
2 Код системы rubbks
a Классификационный индекс К65.305.143(2Рос-4Тюм)
700 Автор _1
a Фамилия Богатко
b Имя С. А.
4 Код отношения 070
801 Источник записи _0
a Страна RU
b Организация Муниципальное бюджетное учреждение культуры "Централизованная библиотечная система" г. Сургут (Центральная городская библиотека им. А. С. Пушкина)
g Правила каталогизации ОБ/Бутенко
801 Источник записи _1
a Страна RU
b Организация Муниципальное бюджетное учреждение культуры "Централизованная библиотечная система" г. Сургут (Центральная городская библиотека им. А. С. Пушкина)
g Правила каталогизации ОБ/Бутенко
852 Данные о местонахождении __
j Шифр хранения К65.305.143(2Рос-4Тюм)
c Каталожный индекс К65.304.13(2Рос-4Тюм)
i Авторский знак Б 73
p Инвентарный номер 74334; 23591(с); 2810(с4)
901 Тип документа __
t Тип документа m
903 Характеристики (МАРС) __
a Дата передачи 20000220
990 Данные о заказе (DOS) 00
j Количество экземпляров (DOS) 1; 1; 1
t N записи в КСУ для И/У (DOS) 200001; 199101